|
|
|
|
| LEADER |
01073nam a2200289 a 4500 |
| 001 |
7411 |
| 003 |
BD-DhAAL |
| 005 |
20150623093046.0 |
| 008 |
150623s2005 maua b 001 0 eng |
| 010 |
|
|
|a 2005041502
|
| 020 |
|
|
|a 0072982861 (alk. paper)
|
| 040 |
|
|
|a DLC
|c DLC
|d DLC
|d BD-DhAAL
|
| 050 |
0 |
0 |
|a PE1417
|b .M65 2005
|
| 082 |
0 |
0 |
|a 808/.0427
|2 22
|
| 245 |
0 |
0 |
|a Motives for writing /
|c [compiled by] Robert Keith Miller.
|
| 250 |
|
|
|a 5th ed.
|
| 260 |
|
|
|a Boston :
|b McGraw-Hill,
|c 2005.
|
| 300 |
|
|
|a xxvi, 710 p. :
|b ill. ;
|c 23 cm.
|
| 504 |
|
|
|a Includes bibliographical references and index.
|
| 541 |
|
|
|e 7411
|
| 650 |
|
0 |
|a College readers.
|9 9433
|
| 650 |
|
0 |
|a Report writing
|v Problems, exercises, etc.
|9 12000
|
| 650 |
|
0 |
|a English language
|x Rhetoric
|v Problems, exercises, etc.
|9 11558
|
| 700 |
1 |
|
|a Miller, Robert Keith,
|d 1949-
|9 12358
|
| 942 |
|
|
|2 ddc
|c BK
|
| 999 |
|
|
|c 34807
|d 34807
|
| 952 |
|
|
|0 0
|1 0
|2 ddc
|4 0
|6 808_042700000000000_MOT
|7 0
|9 54459
|a SCL
|b SCL
|c GEN
|d 2015-06-23
|e Gift: The Asia Foundation
|l 4
|m 3
|o 808.0427 MOT
|p 3020007411
|r 2024-09-23
|s 2024-09-15
|t 1
|w 2015-06-23
|y BK
|